Podrobnosti MARC
| 000 -Návěští |
| Řídící pole kódované 24B |
02712nam a2200505 i 4500 |
| 001 - Kontrolní číslo |
| Řídící pole proměnné |
5093147 |
| 003 - Identifikátor kontrolního čísla |
| Řídící pole proměnné |
CZ PrSKC |
| 005 - Datum posledního zpracování |
| Řídící pole 16B |
20250423110518.0 |
| 007 - Pole pevné délky pro fyzický popis |
| Řídící pole kódované |
ta |
| 008 - Údaje pevné délky |
| Řídící pole kódované 40B |
250408s2025 xr g 000 jacze |
| 020 ## - ISBN |
| ISBN |
9788024956534 |
| 040 ## - Zdroj katalogizace-agentura |
| Agentura původní katalogizace |
ABG001 |
| Jazyk katalogizace |
cze |
| Použitá pravidla popisu |
rda |
| 072 #7 - Kód předmětové kategorie - Konspekt |
| Předmětová kategorie |
821.162.3-3 |
| Zpřesnění předmětové kategorie |
Česká próza |
| Zdroj předmětové klasifikace |
Konspekt |
| 072 #7 - Kód předmětové kategorie - Konspekt |
| Předmětová kategorie |
929 |
| Zpřesnění předmětové kategorie |
Biografie |
| Zdroj předmětové klasifikace |
Konspekt |
| 080 ## - MDT |
| Klasifikační znak MDT |
821.162.3-32 |
| Idetifikátor vydání MDT |
MRF |
| 080 ## - MDT |
| Klasifikační znak MDT |
821.162.3-055.2 |
| Idetifikátor vydání MDT |
MRF |
| 080 ## - MDT |
| Klasifikační znak MDT |
81'25-055.2 |
| Idetifikátor vydání MDT |
MRF |
| 080 ## - MDT |
| Klasifikační znak MDT |
316.728 |
| Idetifikátor vydání MDT |
MRF |
| 080 ## - MDT |
| Klasifikační znak MDT |
929 |
| Idetifikátor vydání MDT |
MRF |
| 080 ## - MDT |
| Klasifikační znak MDT |
(437.3) |
| Idetifikátor vydání MDT |
MRF |
| 080 ## - MDT |
| Klasifikační znak MDT |
(410.1) |
| Idetifikátor vydání MDT |
MRF |
| 080 ## - MDT |
| Klasifikační znak MDT |
(0:82-322.6) |
| Idetifikátor vydání MDT |
MRF |
| 100 1# - Hlavní záhlaví - osobní jméno autora |
| Osobní jméno |
Whitton, Hana, |
| Datumy související se jménem |
1950- |
| Kód role |
aut |
| 9 (RLIN) |
2376 |
| 245 10 - Údaje o názvu |
| Název |
Jak si po anglicku učesat trávník / |
| Údaj o odpovědností, atd. |
Hana Whitton |
| 250 ## - Údaje o vydání |
| Označení vydání |
Vydání první |
| 264 #1 - Nakladatelské údaje |
| Místo vydání |
Praha : |
| Nakladatel |
Ikar, |
| Rok vydání |
2025 |
| 300 ## - Fyzický popis |
| Rozsah |
244 stran ; |
| Rozměry |
21 cm |
| 500 ## - Všeobecná poznámka |
| Text obecné poznámky |
Obálkový podnázev: anglické příhody |
| 520 2# - Anotace |
| Anotace, atd. |
Svět se mění, ale Kingston zůstává... Volné pokračovaní humoristické kingstonské série přibližuje další osudy a příběhy obyvatel půvabné anglické obce. |
| Rozšířený text anotace |
Na loukách se pasou zvědavé ovečky místního farmáře, zámecká paní stále vymýšlí nové projekty jak vybřednout z dluhů, sousedka Muriel překypuje převratnými novinkami z vesnice a rázovití staromládenečtí bratři Rusty a Speedy neztrácejí vyřídilku... prostě všechno je, jak má být. To však neznamená, že se v Kingstonu nic neděje, právě naopak: do vesnice vtrhne větrná smršť, místní se musí vypořádat s vpádem exotické zvěře, a navíc se hledá Mimmi a autorka s manželem se vydávají po stopách královraha. Čtenáři mají jedinečnou příležitost se k nim přidat a zase jednou navštívit malebnou anglickou vísku, do níž se autorka před lety přestěhovala. Její vyprávění pohladí po duši stejně jako pohled na dokonalý hedvábný anglický trávník. Nakladatelská anotace. |
| 600 17 - Vedlejší věcné záhlaví - osobní jméno |
| Osobní jméno |
Whitton, Hana, |
| Datumy související se jménem |
1950- |
| Zdroj záhlaví nebo termínu |
czenas |
| 9 (RLIN) |
2376 |
| 648 #7 - Vedlejší věcné záhlaví - chronologický termín |
| Chronologický termín |
21. století |
| Zdroj záhlaví nebo termínu |
czenas |
| -- |
395 |
| 648 #7 - Vedlejší věcné záhlaví - chronologický termín |
| Chronologický termín |
20.-21. století |
| Zdroj záhlaví nebo termínu |
czenas |
| -- |
117 |
| 650 07 - Vedlejší věcné záhlaví - věcné téma |
| Věcné téma |
české spisovatelky |
| Chronologické zpřesnění |
20.-21. století |
| Zdroj záhlaví nebo termínu |
czenas |
| 9 (RLIN) |
6731 |
| 650 07 - Vedlejší věcné záhlaví - věcné téma |
| Věcné téma |
překladatelky |
| Geografické zpřesnění |
Česko |
| Chronologické zpřesnění |
20.-21. století |
| Zdroj záhlaví nebo termínu |
czenas |
| 9 (RLIN) |
19326 |
| 650 07 - Vedlejší věcné záhlaví - věcné téma |
| Věcné téma |
každodenní život |
| Geografické zpřesnění |
Anglie |
| Chronologické zpřesnění |
21. století |
| Zdroj záhlaví nebo termínu |
czenas |
| 9 (RLIN) |
19327 |
| 650 09 - Vedlejší věcné záhlaví - věcné téma |
| Věcné téma |
Czech women authors |
| Chronologické zpřesnění |
20th-21st centuries |
| Zdroj záhlaví nebo termínu |
eczenas |
| 9 (RLIN) |
119 |
| 650 09 - Vedlejší věcné záhlaví - věcné téma |
| Věcné téma |
women translators |
| Geografické zpřesnění |
Czechia |
| Chronologické zpřesnění |
20th-21st centuries |
| Zdroj záhlaví nebo termínu |
eczenas |
| 9 (RLIN) |
19328 |
| 650 09 - Vedlejší věcné záhlaví - věcné téma |
| Věcné téma |
everyday life |
| Geografické zpřesnění |
England |
| Chronologické zpřesnění |
21st century |
| Zdroj záhlaví nebo termínu |
eczenas |
| 9 (RLIN) |
19329 |
| 655 #7 - Rejstříkový termín - žánr/forma |
| Žánr/forma či základní termín |
české příběhy |
| -- |
2 |
| 655 #7 - Rejstříkový termín - žánr/forma |
| Žánr/forma či základní termín |
autobiografické příběhy |
| -- |
120 |
| 655 #9 - Rejstříkový termín - žánr/forma |
| Žánr/forma či základní termín |
Czech stories |
| -- |
6 |
| 655 #9 - Rejstříkový termín - žánr/forma |
| Žánr/forma či základní termín |
autobiographical stories |
| -- |
122 |
| 910 ## - Údaje o vlastníkovi jednotky (exempláře) |
| Sigla vlastníka jednotky |
ABG508 |